000 00597nam a22002057a 4500
003 OSt
005 20231214061337.0
008 200205b ||||| |||| 00| 0 eng d
020 _a 0826453074
040 _c040a
082 _a370.7 GOR 2001
100 _aGorard, Stephen
_913551
245 _aQuantitative Methods in Educational Research:
_bthe role of numbers made easy
260 _aLondon;
_bContinuum,
_c2001
300 _axvii, 200p;
_bill:
_c12 cm.
504 _aIncludes references and index
650 _2Educational research
650 _2Quantitative methods
942 _2ddc
_cO_SHELF
999 _c6586
_d6586